000
00313nam a2200121 a 4500
005
20141022142006.0
008
090305s19uu xx 00 eng d
050
_a
VCD
_b
D54 2007
245
_a
Journey to the center of the Earth.
650
_a
VCD.
650
_a
Journey to the Center of the Earth
942
_c
AVM
999
_c
276525
_d
276525